00311 a2200133 450000500170000002000180001704000090003508200170004410000150006124500430007625000080011926000320012730000180015920260130182837.0 a9781839214806 bEng, a044.678. Lea aLea, perry aIoT and Edge Computing for Architects, a2nd aMumbai,bBirmingham,c2020. axviii,b606p: